Online Catalogue and eLibrary

Gender, Ethnicity and Political Ideologies (Record no. 4578)

MARC details
000 -LEADER
fixed length control field 00512nam a2200205Ia 4500
005 - DATE AND TIME OF LATEST TRANSACTION
control field 20250109055824.0
008 - FIXED-LENGTH DATA ELEMENTS--GENERAL INFORMATION
fixed length control field 240331s9999 xx 000 0 und d
020 ## - INTERNATIONAL STANDARD BOOK NUMBER
ISBN 0415148219
082 ## - DDC Classification
Item Number - Author Mark NIC
DDC Edition Number 2707
Class No. 305.3
245 #0 - TITLE STATEMENT
Title Gender, Ethnicity and Political Ideologies
260 ## - PUBLICATION, DISTRIBUTION, ETC.
Place of publication, distribution, etc. London
-- New York
Name of publisher, distributor, etc. Routledge
Date of publication, distribution, etc. 1998
300 ## - PHYSICAL DESCRIPTION
Extent (e.g. Volumes, Pages etc.) xi, 195 p.,
650 ## - SUBJECT ADDED ENTRY--TOPICAL TERM
Topical term or geographic name entry element Gender
650 ## - SUBJECT ADDED ENTRY--TOPICAL TERM
Topical term or geographic name entry element Ethnicity
650 ## - SUBJECT ADDED ENTRY--TOPICAL TERM
Topical term or geographic name entry element Political
650 ## - SUBJECT ADDED ENTRY--TOPICAL TERM
Topical term or geographic name entry element Women
700 ## - ADDED ENTRY--PERSONAL NAME
Personal name Charles, N
Relator term (Role) Editor
700 ## - ADDED ENTRY--PERSONAL NAME
Personal name Hintjens, H
Relator term (Role) Editor
942 ## - Koha item type (Biblio)
Koha item type Books in Stacks (Lending)
Holdings
Lost status Damaged status Collection code Home library Current library Shelving location Date acquired Full call number Accession Number Item type
    Lending WERC Library WERC Library Social Science Cupboard 03/31/2024 305.3 GEN 2707 Books in Stacks (Lending)

© WERC Library